CYBERSECURITY FIRST PRINCIPLES (Record no. 216732)
[ view plain ]
| 000 -LEADER | |
|---|---|
| fixed length control field | 00516nam a22001577a 4500 |
| 008 - FIXED-LENGTH DATA ELEMENTS--GENERAL INFORMATION | |
| fixed length control field | 260302b |||||||| |||| 00| 0 eng d |
| 020 ## - INTERNATIONAL STANDARD BOOK NUMBER | |
| International Standard Book Number | 978-1-394-17308-2 |
| 100 ## - MAIN ENTRY--PERSONAL NAME | |
| Personal name | HOWARD, RICK |
| 245 ## - TITLE STATEMENT | |
| Title | CYBERSECURITY FIRST PRINCIPLES |
| Remainder of title | A REBOOT OF STRATEGY AND TACTICS |
| 260 ## - PUBLICATION, DISTRIBUTION, ETC. | |
| Place of publication, distribution, etc. | HOBOKEN, NEW JERSEY |
| Name of publisher, distributor, etc. | JOHN WILEY |
| Date of publication, distribution, etc. | 2023 |
| 300 ## - PHYSICAL DESCRIPTION | |
| Extent | XXIII, 374P. |
| 500 ## - GENERAL NOTE | |
| General note | INCLUDES INDEX |
| 650 ## - SUBJECT ADDED ENTRY | |
| Topical term or geographic name entry element | 1. COMPUTER SECURITY 2. CYBERSECURITY -STRATEGY 3. COMPUTER NETWORKS -SECURITY |
| 942 ## - ADDED ENTRY ELEMENTS (KOHA) | |
| Source of classification or shelving scheme | Library of Congress Classification |
| Koha item type | Long Loan Book |
| Withdrawn status | Lost status | Source of classification or shelving scheme | Damaged status | Not for loan | Collection | Home library | Current library | Shelving location | Date acquired | Inventory number | Total checkouts | Full call number | Barcode | Date last seen | Copy number | Price effective from | Koha item type |
|---|---|---|---|---|---|---|---|---|---|---|---|---|---|---|---|---|---|
| Library of Congress Classification | Science & Technology | Kisii University Library | Kisii University Library | On Display | 03/02/2026 | 112180 | QA 76 .9 .A25 H69 2023 | A000970 | 03/02/2026 | 1 | 03/02/2026 | Long Loan Book | |||||
| Library of Congress Classification | Science & Technology | Kisii University Library | Kisii University Library | On Display | 03/02/2026 | 112181 | QA 76 .9 .A25 H69 2023 | A000967 | 03/02/2026 | 2 | 03/02/2026 | Long Loan Book | |||||
| Library of Congress Classification | Science & Technology | Kisii University Library | Kisii University Library | On Display | 03/02/2026 | 112182 | QA 76 .9 .A25 H69 2023 | A000968 | 03/02/2026 | 3 | 03/02/2026 | Long Loan Book | |||||
| Library of Congress Classification | Science & Technology | Kisii University Library | Kisii University Library | On Display | 03/02/2026 | 112183 | QA 76 .9 .A25 H69 2023 | A000966 | 03/02/2026 | 4 | 03/02/2026 | Long Loan Book | |||||
| Library of Congress Classification | Science & Technology | Kisii University Library | Kisii University Library | On Display | 03/02/2026 | 112184 | QA 76 .9 .A25 H69 2023 | A000965 | 03/02/2026 | 5 | 03/02/2026 | Long Loan Book |